|
|
|
|
| LEADER |
01033nam a22003012a 4500 |
| 001 |
001240860 |
| 003 |
CZ BrMZK |
| 005 |
20120820133703.0 |
| 007 |
ta |
| 008 |
120820s1975 xr er 000 0 cze d |
| 015 |
|
|
|a cnb000468769
|
| 035 |
|
|
|a (OCoLC)42090193
|
| 040 |
|
|
|a ABA001
|b cze
|c LIA001
|d ABA001
|d BOA001
|
| 080 |
9 |
|
|a 338.984.3(437)"1971/1974"+33(437)"1945/1975"(041)
|
| 100 |
1 |
|
|a Vachel, Jan
|7 jk01141136
|4 aut
|
| 245 |
1 |
0 |
|a Výsledky čtyř let páté pětiletky a úkoly roku 1975 /
|c Jan Vachel a kolektiv
|
| 250 |
|
|
|a 1. vyd.
|
| 260 |
|
|
|a Praha :
|b Horizont,
|c 1975
|
| 300 |
|
|
|a 79 s. ;
|c 8°
|
| 490 |
1 |
|
|a Na pomoc národnímu hospodářství
|
| 500 |
|
|
|a 3000 výt.
|
| 550 |
|
|
|a Vydavatel: Socialistická akademie ČSR
|
| 710 |
2 |
|
|a Socialistická akademie ČSR
|7 kn20050512011
|
| 830 |
|
0 |
|a Na pomoc národnímu hospodářství
|0 s
|
| 910 |
|
|
|a BOA001
|b 2-0743.960
|
| 990 |
|
|
|a BK
|
| 991 |
|
|
|b 201208
|
| 996 |
7 |
|
|b 2619566517
|c 2-0743.960
|l Sklad H1
|r Sklad / do 24 hodin
|n 0
|h HS 212
|w 001274826
|u 000010
|a 1
|e BOA001
|j MZK50
|s A
|